00451nam a22001217a 4500100002800000245008100028260003000109300001100139700004100150942001100191999001700202952011000219 aMuhammad Shoaiba13ME15 aA Case Study of Enhance the Recovery of Gas Condensate from Raw Natural Gas  aNawabshah:bQUEST,c2016. a42p. ; aDepartment of Mechanical Engineering cTHESIS c57548d57545 00104070aQUESTCLbRESEARCHd2017-03-30l0o13ME15pMEP/28-356r2017-03-30 00:00:00w2017-03-30yTHESIS